000 00504pab a2200193 454500
008 180718b2010 xxu||||| |||| 00| 0 eng d
100 _aWisdom, Jessica
245 _aPromoting health choices: information versus convenience
260 _c2010
300 _ap.164-78.
362 _aApr
650 _aObesity
650 _aHealth services
700 _aLoewenstein, George
700 _aDowns, Julie S.
773 _aAmerican Economic Journal: Applied Economics
908 _aN
909 _a86513
999 _c86513
_d86513